[Event "89th UKR-ch"]
[Site "Omelnyk UKR"]
[Date "2020.11.20"]
[Round "3.7"]
[White "Shyshkin, Vadym"]
[Black "Onyshchuk, Volodymyr"]
[WhiteElo "2469"]
[BlackElo "2633"]
[Result "0-1"]
[EventDate "2020.11.18"]
[PlyCount "58"]

1. d4 d6 2. e4 Nf6 3. Nc3 g6 4. Be3 c6 5. f3 Nbd7 6. Qd2 b5 7. Bd3 Bg7 8. Bh6 Bxh6 9. Qxh6 Qb6 10. Nge2 Bb7 11. a4 a6 12. axb5 cxb5 13. Nd1 e5 14. c3 d5 15. exd5 Nxd5 16. O-O O-O-O 17. Ne3 exd4 18. Nxd4 Nc5 19. Rad1 Rhe8 20. Nxd5 Bxd5 21. Bc2 Bc4 22. Rf2 Ne6 23. Rfd2 Nxd4 24. cxd4 Qd6 25. Kf2 Re7 26. Qxh7 Qf4 27. g3 Qe3+ 28. Kg2 Be2 29. Be4 Bxd1 0-1

[Event "89th UKR-ch"]
[Site "Omelnyk UKR"]
[Date "2020.11.20"]
[Round "3.8"]
[White "Bernadskyi, Vitalii"]
[Black "Borsuk, Kostyantyn"]
[WhiteElo "2619"]
[BlackElo "2401"]
[Result "1-0"]
[EventDate "2020.11.18"]
[PlyCount "51"]

1. e4 c5 2. Nf3 e6 3. d4 cxd4 4. Nxd4 a6 5. g3 b5 6. Bg2 Bb7 7. O-O Nf6 8. Re1 d5 9. exd5 Bxd5 10. Bxd5 Nxd5 11. Nxe6 fxe6 12. Qh5+ Kd7 13. Nc3 Bb4 14. Nxd5 Bxe1 15. Qf7+ Kc6 16. Ne7+ Kc7 17. Bf4+ Kb7 18. Ng6+ Qd7 19. Nxh8 Bb4 20. Rd1 Qxf7 21. Nxf7 Be7 22. Nd8+ Kc8 23. Nxe6 Bf6 24. c3 Ra7 25. Nf8 Re7 26. Nxh7 1-0

[Event "89th UKR-ch"]
[Site "Omelnyk UKR"]
[Date "2020.11.20"]
[Round "3.9"]
[White "Neverov, Valeriy"]
[Black "Ovseevich, Sergei"]
[WhiteElo "2453"]
[BlackElo "2587"]
[Result "1/2-1/2"]
[EventDate "2020.11.18"]
[PlyCount "144"]

1. d4 Nf6 2. c4 e6 3. Nf3 d5 4. Nc3 Be7 5. Bf4 O-O 6. e3 b6 7. cxd5 Nxd5 8. Nxd5 exd5 9. Be2 c5 10. dxc5 bxc5 11. O-O Nc6 12. Qc2 Qb6 13. Rfd1 h6 14. Ne5 Nxe5 15. Bxe5 Rd8 16. Rd2 Be6 17. Rad1 Qa5 18. a3 Rac8 19. Bc3 Qb6 20. Qa4 Bd7 21. Qa6 c4 22. Qxb6 axb6 23. Rxd5 Be6 24. Rxd8+ Bxd8 25. g4 Bf6 26. Bxf6 gxf6 27. Rc1 b5 28. Kf1 Rb8 29. Ke1 b4 30. axb4 Rxb4 31. Rc2 f5 32. gxf5 Bxf5 33. Rd2 Kg7 34. Bd1 Be6 35. f3 Rb5 36. Rc2 Kf6 37. Rd2 Rc5 38. Rc2 Rb5 39. Kd2 Rb3 40. Ke2 Rb5 41. Kd2 Rb3 42. Ke2 Rb5 43. Kf2 Rh5 44. Ke1 Rb5 45. Be2 Rb3 46. Kf2 Ke5 47. h4 Kf6 48. e4 Ke5 49. Kg3 f5 50. Bxc4 f4+ 51. Kg2 Bxc4 52. Rxc4 Rxb2+ 53. Kg1 Rb1+ 54. Kg2 Rb2+ 55. Kf1 Rb1+ 56. Ke2 Rb2+ 57. Kd3 Rf2 58. Rc5+ Kd6 59. Rh5 Rxf3+ 60. Kd4 Ra3 61. Rxh6+ Ke7 62. Ke5 f3 63. Re6+ Kf7 64. Rf6+ Ke7 65. Re6+ Kf7 66. Rf6+ Ke7 67. Rb6 Ra5+ 68. Kf4 f2 69. Rb1 Rh5 70. Kg3 Re5 71. Kf3 Rh5 72. Kg3 Re5 1/2-1/2

[Event "89th UKR-ch"]
[Site "Omelnyk UKR"]
[Date "2020.11.21"]
[Round "4.1"]
[White "Korobov, Anton"]
[Black "Zubov, Alexander"]
[WhiteElo "2683"]
[BlackElo "2589"]
[Result "1/2-1/2"]
[EventDate "2020.11.18"]
[PlyCount "103"]

1. e4 e5 2. Nf3 Nc6 3. Bb5 Nf6 4. O-O Nxe4 5. Re1 Nd6 6. Nxe5 Be7 7. Bf1 Nf5 8. Nf3 O-O 9. d4 d5 10. c3 Nh4 11. Nxh4 Bxh4 12. Bd3 Bf6 13. Bf4 Ne7 14. Nd2 c6 15. Qb3 b6 16. Qc2 g6 17. Nf3 Bf5 18. Ne5 Rc8 19. Re2 Bxd3 20. Qxd3 Nf5 21. Rae1 Bg5 22. Qd2 Bxf4 23. Qxf4 Qd6 24. g4 Ng7 25. Re3 f5 26. g5 Rfe8 27. h4 Re6 28. b4 Rce8 29. a4 Nh5 30. Qf3 Kg7 31. Kf1 R8e7 32. R1e2 Kf8 33. Kg1 Kg7 34. b5 c5 35. dxc5 bxc5 36. Nc4 Rxe3 37. Nxd6 Rxe2 38. Nxf5+ gxf5 39. Qxh5 R7e6 40. Qf3 R2e5 41. h5 h6 42. g6 f4 43. Qxf4 Re7 44. a5 Rxh5 45. Qd6 Re1+ 46. Kg2 Rg5+ 47. Kf3 Rf5+ 48. Kg4 Rxf2 49. Qxc5 Re4+ 50. Kg3 Rf5 51. Qxa7+ Kxg6 52. a6 1/2-1/2

[Event "89th UKR-ch"]
[Site "Omelnyk UKR"]
[Date "2020.11.21"]
[Round "4.10"]
[White "Peng, Li Min"]
[Black "Neverov, Valeriy"]
[WhiteElo "2428"]
[BlackElo "2453"]
[Result "1/2-1/2"]
[EventDate "2020.11.18"]
[PlyCount "55"]

1. Nf3 Nf6 2. c4 g6 3. b3 Bg7 4. Bb2 O-O 5. g3 b6 6. Bg2 Bb7 7. O-O e6 8. d4 Na6 9. Nc3 c5 10. dxc5 Nxc5 11. Qc2 Qe7 12. Rad1 Rfc8 13. Rfe1 d6 14. Qb1 a6 15. Qa1 Rab8 16. Rd2 Ba8 17. Red1 Nfe4 18. Nxe4 Bxb2 19. Qxb2 Nxe4 20. Rc2 b5 21. cxb5 axb5 22. Nd2 Nxd2 23. Rcxd2 Bxg2 24. Kxg2 Rb6 25. Qd4 Qb7+ 26. f3 b4 27. h4 h5 28. Qf4 1/2-1/2

[Event "89th UKR-ch"]
[Site "Omelnyk UKR"]
[Date "2020.11.21"]
[Round "4.2"]
[White "Sivuk, Vitaly"]
[Black "Kuzubov, Yuriy"]
[WhiteElo "2550"]
[BlackElo "2641"]
[Result "1/2-1/2"]
[EventDate "2020.11.18"]
[PlyCount "49"]

1. e4 e5 2. Bc4 Nf6 3. d3 c6 4. Nf3 Be7 5. O-O d6 6. Bb3 O-O 7. Re1 Qc7 8. Nbd2 Nbd7 9. c3 d5 10. exd5 cxd5 11. Nf1 e4 12. d4 Re8 13. N3d2 Nb6 14. Ne3 Bd6 15. Ndf1 Be6 16. f3 Kh8 17. Bd2 Rad8 18. Bc2 Nc8 19. Qe2 Bf4 20. Qf2 exf3 21. Qxf3 Bh6 22. Nf5 Bxd2 23. Nxd2 Bxf5 24. Qxf5 Nd6 25. Qf3 1/2-1/2

[Event "89th UKR-ch"]
[Site "Omelnyk UKR"]
[Date "2020.11.21"]
[Round "4.3"]
[White "Shevchenko, Kirill"]
[Black "Solodovnichenko, Yuri"]
[WhiteElo "2592"]
[BlackElo "2544"]
[Result "1-0"]
[EventDate "2020.11.18"]
[PlyCount "41"]

1. e4 e5 2. Nf3 Nf6 3. Nxe5 d6 4. Nf3 Nxe4 5. Nc3 Nxc3 6. dxc3 Be7 7. Be3 Nc6 8. Bd3 Bf6 9. Qe2 O-O 10. O-O-O Re8 11. h3 b6 12. h4 h6 13. Ng5 Bd7 14. Bh7+ Kf8 15. Be4 Qe7 16. Bd5 Bxg5 17. hxg5 Qxg5 18. Qf3 Ne5 19. Bxg5 Nxf3 20. Bxf3 hxg5 21. Bxa8 1-0

[Event "89th UKR-ch"]
[Site "Omelnyk UKR"]
[Date "2020.11.21"]
[Round "4.4"]
[White "Onyshchuk, Volodymyr"]
[Black "Galperin, Platon"]
[WhiteElo "2633"]
[BlackElo "2461"]
[Result "1/2-1/2"]
[EventDate "2020.11.18"]
[PlyCount "36"]

1. Nf3 Nf6 2. g3 g6 3. Bg2 Bg7 4. O-O O-O 5. d3 d5 6. Nbd2 c5 7. e4 Nc6 8. Re1 Qc7 9. Qe2 e5 10. Nb3 dxe4 11. dxe4 Nd4 12. Nfxd4 cxd4 13. Bd2 a5 14. Nc1 Qxc2 15. Nd3 Nd7 16. Rec1 Qa4 17. b3 Qa3 18. Rc5 b6 1/2-1/2

[Event "89th UKR-ch"]
[Site "Omelnyk UKR"]
[Date "2020.11.21"]
[Round "4.5"]
[White "Matvyishen, Viktor"]
[Black "Bernadskyi, Vitalii"]
[WhiteElo "2506"]
[BlackElo "2619"]
[Result "1-0"]
[EventDate "2020.11.18"]
[PlyCount "81"]

1. d4 d6 2. e4 Nf6 3. Nc3 g6 4. Be3 c6 5. Nf3 Bg7 6. Qd2 Nbd7 7. h3 e5 8. dxe5 dxe5 9. O-O-O Qe7 10. Qd6 Qxd6 11. Rxd6 Bf8 12. Rd1 Bb4 13. Bd3 Ke7 14. Rd2 h6 15. Rhd1 Ba5 16. a3 Bb6 17. Bxb6 axb6 18. a4 b5 19. axb5 Ra1+ 20. Nb1 Nc5 21. bxc6 Be6 22. b4 Ncxe4 23. Nxe5 Nxd2 24. Rxd2 Kd6 25. f4 Kc7 26. cxb7 Kxb7 27. c4 Ra4 28. b5 Kb6 29. Nc3 Ra3 30. Kb2 Rha8 31. Bxg6 Kc5 32. Bxf7 Bxf7 33. Nxf7 Kb4 34. Rd3 Kxc4 35. Ne5+ Kb4 36. Rd4+ Kc5 37. Rc4+ Kd6 38. Rc6+ Ke7 39. f5 Ne8 40. b6 R3a5 41. b7 1-0

[Event "89th UKR-ch"]
[Site "Omelnyk UKR"]
[Date "2020.11.21"]
[Round "4.6"]
[White "Solovchuk, Oleksiy"]
[Black "Kovchan, Alexander"]
[WhiteElo "2301"]
[BlackElo "2568"]
[Result "0-1"]
[EventDate "2020.11.18"]
[PlyCount "76"]

1. c4 c5 2. Nc3 g6 3. g3 Bg7 4. Bg2 Nc6 5. e3 d6 6. Nge2 h5 7. h4 Bg4 8. O-O Rb8 9. f3 Bd7 10. Rb1 a6 11. a3 Ne5 12. d3 b5 13. f4 Ng4 14. cxb5 axb5 15. b4 c4 16. Nd4 N8h6 17. Ncxb5 Nf5 18. Nxf5 Bxf5 19. e4 Qb6+ 20. Kh1 Bd7 21. dxc4 Nf2+ 22. Rxf2 Qxf2 23. Rb3 O-O 24. Qd2 Qxd2 25. Bxd2 Rfc8 26. Bf1 Be6 27. Na7 Rc7 28. Be3 Rbb7 29. b5 Rxa7 30. Bxa7 Rxa7 31. b6 Rb7 32. a4 Bd4 33. a5 Kg7 34. e5 Rb8 35. Kh2 Bc5 36. Rb2 Kf8 37. exd6 exd6 38. Bg2 Bxc4 0-1

[Event "89th UKR-ch"]
[Site "Omelnyk UKR"]
[Date "2020.11.21"]
[Round "4.8"]
[White "Ovseevich, Sergei"]
[Black "Osmak, Iulija"]
[WhiteElo "2587"]
[BlackElo "2438"]
[Result "1/2-1/2"]
[EventDate "2020.11.18"]
[PlyCount "65"]

1. d4 Nf6 2. c4 e6 3. Nc3 Bb4 4. Nf3 c5 5. dxc5 Na6 6. Bd2 O-O 7. e3 Nxc5 8. Be2 Bxc3 9. Bxc3 Nfe4 10. Bb4 Qb6 11. Ba3 Qa5+ 12. Kf1 d6 13. Nd4 a6 14. f3 Nf6 15. Kf2 Rd8 16. Qc2 Bd7 17. Nb3 Nxb3 18. axb3 Qc7 19. Bb4 e5 20. Rhc1 Be6 21. Ba5 b6 22. Be1 a5 23. b4 axb4 24. Rxa8 Rxa8 25. Bxb4 Rc8 26. Qd2 d5 27. Rd1 e4 28. cxd5 Bxd5 29. f4 Bb3 30. Ra1 Nd5 31. Ra3 Bc4 32. Bd6 Qc6 33. Bg4 1/2-1/2

[Event "89th UKR-ch"]
[Site "Omelnyk UKR"]
[Date "2020.11.22"]
[Round "5.1"]
[White "Kuzubov, Yuriy"]
[Black "Shevchenko, Kirill"]
[WhiteElo "2641"]
[BlackElo "2592"]
[Result "1/2-1/2"]
[EventDate "2020.11.18"]
[PlyCount "157"]

1. d4 Nf6 2. Nf3 g6 3. Nbd2 d5 4. e3 Bg7 5. b4 a5 6. b5 c5 7. bxc6 Nxc6 8. a4 O-O 9. Be2 Bf5 10. c3 e5 11. Ba3 Re8 12. O-O Qc7 13. Rc1 Rad8 14. Nxe5 Nxe5 15. dxe5 Qxe5 16. Nf3 Qb8 17. Nd4 Bd7 18. Qb3 Ng4 19. Bxg4 Bxg4 20. Bc5 Rc8 21. Bb6 Rc4 22. Bxa5 Be5 23. h3 Bd7 24. Rb1 Bxd4 25. cxd4 Qa8 26. Bd2 Bf5 27. Ra1 Qc8 28. Rfc1 Bxh3 29. e4 Bxg2 30. Kxg2 Rxe4 31. Rxc4 dxc4 32. Qf3 Rxd4 33. Bf4 c3 34. Rc1 c2 35. a5 Ra4 36. Be5 Rxa5 37. Qf6 Qg4+ 38. Bg3 Rh5 39. f3 Qc4 40. Re1 Qc8 41. Bf4 Qh3+ 42. Kf2 Qh4+ 43. Qxh4 Rxh4 44. Kg3 Rh5 45. Re8+ Kg7 46. Rc8 Rd5 47. Rxc2 g5 48. Be3 Kg6 49. Rc7 b5 50. f4 gxf4+ 51. Kxf4 f6 52. Rb7 Rf5+ 53. Kg3 Rd5 54. Rb6 Kf5 55. Kf3 Kg6 56. Bc1 Rf5+ 57. Kg3 h5 58. Bb2 Kf7 59. Rb8 Kg7 60. Rc8 Kf7 61. Bd4 Kg6 62. Rc6 Kf7 63. Be3 Kg6 64. Bf4 Rd5 65. Kf3 Kf5 66. Bc1 Kg6 67. Be3 Kf5 68. Rc1 Ke6 69. Ke4 Re5+ 70. Kd3 h4 71. Bf4 Rh5 72. Ke4 h3 73. Rc6+ Kd7 74. Rc2 Ke6 75. Kf3 b4 76. Kg4 Rh7 77. Rb2 Kd5 78. Rxb4 h2 79. Bxh2 1/2-1/2

[Event "89th UKR-ch"]
[Site "Omelnyk UKR"]
[Date "2020.11.22"]
[Round "5.10"]
[White "Mosesov, Danyil"]
[Black "Polivanov, Anatoliy"]
[WhiteElo "2391"]
[BlackElo "2452"]
[Result "1/2-1/2"]
[EventDate "2020.11.18"]
[PlyCount "61"]

1. d4 d6 2. Nf3 Nf6 3. c4 g6 4. Nc3 Bf5 5. g3 Bg7 6. Bg2 O-O 7. O-O Ne4 8. Nh4 Nxc3 9. bxc3 Bc8 10. Rb1 Nc6 11. f4 e6 12. e4 f5 13. e5 Na5 14. Qa4 b6 15. exd6 Bd7 16. Qb4 Rc8 17. c5 cxd6 18. cxb6 Qxb6 19. Qxb6 axb6 20. Rxb6 Nc4 21. Rb7 Bc6 22. Bxc6 Rxc6 23. Nf3 Ra6 24. Rf2 Rfa8 25. a3 d5 26. Rb3 Bf8 27. Re2 Bxa3 28. Bxa3 Rxa3 29. Rxa3 Rxa3 30. Rxe6 Rxc3 31. Kf2 1/2-1/2

[Event "89th UKR-ch"]
[Site "Omelnyk UKR"]
[Date "2020.11.22"]
[Round "5.2"]
[White "Galperin, Platon"]
[Black "Korobov, Anton"]
[WhiteElo "2461"]
[BlackElo "2683"]
[Result "0-1"]
[EventDate "2020.11.18"]
[PlyCount "62"]

1. d4 Nf6 2. c4 e6 3. Nf3 d5 4. g3 Bb4+ 5. Bd2 Be7 6. Bg2 O-O 7. Qc2 Nbd7 8. h4 c6 9. Nc3 Re8 10. Rd1 b6 11. e4 dxc4 12. e5 Nd5 13. Ng5 Nf8 14. Be4 g6 15. a3 Bb7 16. Nxh7 Nxh7 17. h5 g5 18. Bxh7+ Kh8 19. Be4 b5 20. h6 Qb6 21. Rh5 Rg8 22. Bc1 b4 23. axb4 Nxb4 24. Qe2 Nd3+ 25. Rxd3 cxd3 26. Qxd3 Ba6 27. Qf3 Raf8 28. Qg4 Qxd4 29. Be3 Qb4 30. Bxg5 Rxg5 31. Rxg5 Qxb2 {Korobov assessed the play of modern young players: "Every move of them seems to be logical. But they don't have real plan, just throwing pieces in the direction of the opponent's king, playing not especially concretely."} 0-1

[Event "89th UKR-ch"]
[Site "Omelnyk UKR"]
[Date "2020.11.22"]
[Round "5.3"]
[White "Zubov, Alexander"]
[Black "Sivuk, Vitaly"]
[WhiteElo "2589"]
[BlackElo "2550"]
[Result "1/2-1/2"]
[EventDate "2020.11.18"]
[PlyCount "40"]

1. d4 Nf6 2. c4 e6 3. Nc3 Bb4 4. Nf3 O-O 5. Qc2 c5 6. dxc5 Na6 7. g3 Nxc5 8. Bd2 b6 9. Bg2 Bb7 10. O-O Nce4 11. Nxe4 Bxe4 12. Qd1 Bxd2 13. Qxd2 Rc8 14. Rac1 Qc7 15. Rfd1 Rfd8 16. Bh3 Bxf3 17. exf3 Qb8 18. Bf1 h6 19. b4 d5 20. cxd5 Rxd5 1/2-1/2

[Event "89th UKR-ch"]
[Site "Omelnyk UKR"]
[Date "2020.11.22"]
[Round "5.4"]
[White "Kovchan, Alexander"]
[Black "Matvyishen, Viktor"]
[WhiteElo "2568"]
[BlackElo "2506"]
[Result "1/2-1/2"]
[EventDate "2020.11.18"]
[PlyCount "102"]

1. e4 e5 2. Nf3 Nc6 3. Bb5 a6 4. Ba4 f5 5. d4 exd4 6. e5 b5 7. Bb3 Bb7 8. c3 Na5 9. cxd4 Nxb3 10. Qxb3 Qe7 11. Nc3 Qb4 12. Qd1 Ne7 13. Bd2 Qc4 14. Rc1 Qd3 15. Qe2 Qxe2+ 16. Kxe2 Rc8 17. a3 h6 18. h4 g6 19. Ne1 d6 20. f4 dxe5 21. dxe5 c5 22. Be3 Nd5 23. Nxd5 Bxd5 24. h5 Rg8 25. Nf3 g5 26. Kf2 gxf4 27. Bxf4 c4 28. Be3 Bc5 29. Bxc5 Rxc5 30. Rhd1 Bxf3 31. Kxf3 Rc6 32. Rd5 Rg5 33. Rcd1 Rxh5 34. Kf4 Rg5 35. g3 c3 36. Rd8+ Ke7 37. R1d7+ Ke6 38. Rd6+ Rxd6 39. Rxd6+ Ke7 40. bxc3 Rg4+ 41. Kxf5 Rxg3 42. Re6+ Kf7 43. Rxh6 Rf3+ 44. Ke4 Rxc3 45. Rxa6 Ke7 46. Kd4 Rb3 47. Ra8 Ke6 48. Ra7 Rb1 49. Ra6+ Ke7 50. Rc6 b4 51. axb4 Rxb4+ 1/2-1/2

[Event "89th UKR-ch"]
[Site "Omelnyk UKR"]
[Date "2020.11.22"]
[Round "5.5"]
[White "Koziak, Vitali"]
[Black "Onyshchuk, Volodymyr"]
[WhiteElo "2428"]
[BlackElo "2633"]
[Result "0-1"]
[EventDate "2020.11.18"]
[PlyCount "104"]

1. g3 g6 2. Bg2 Bg7 3. c4 Nf6 4. Nc3 O-O 5. Nf3 d6 6. O-O e5 7. d3 Nc6 8. Rb1 a5 9. a3 Re8 10. Nd2 Ne7 11. b4 axb4 12. axb4 c6 13. b5 h6 14. Bb2 Be6 15. Nce4 Nxe4 16. Nxe4 cxb5 17. cxb5 Qb6 18. Nd2 d5 19. Qb3 Rec8 20. Rfc1 Rxc1+ 21. Bxc1 Rc8 22. Bb2 Qa5 23. Nf3 d4 24. Qa3 Qxa3 25. Bxa3 Nd5 26. Bd6 Nc3 27. Re1 e4 28. dxe4 Bc4 29. Bf1 Nxe4 30. Be5 Bxe5 31. Nxe5 Bxb5 32. Nf3 Rd8 33. Rd1 Nc3 34. Rxd4 Ra8 35. Rd2 Bc4 36. Ne5 Be6 37. f3 b5 38. Nc6 Ra1 39. Kg2 Nd1 40. Rd3 Kg7 41. h4 Bc4 42. Rd2 Ne3+ 43. Kf2 Nxf1 44. Rb2 Rd1 45. Ne5 Nd2 46. Nxc4 Rf1+ 47. Kg2 Nxc4 48. Rxb5 Ne3+ 49. Kh2 Rf2+ 50. Kh3 h5 51. g4 Nf1 52. gxh5 f5 0-1

[Event "89th UKR-ch"]
[Site "Omelnyk UKR"]
[Date "2020.11.22"]
[Round "5.6"]
[White "Solodovnichenko, Yuri"]
[Black "Zubarev, Alexander"]
[WhiteElo "2544"]
[BlackElo "2422"]
[Result "0-1"]
[EventDate "2020.11.18"]
[PlyCount "78"]

1. e4 c5 2. Nf3 d6 3. d4 cxd4 4. Nxd4 Nf6 5. Nc3 Nc6 6. Bg5 e6 7. Qd2 a6 8. O-O-O Bd7 9. f3 Be7 10. Be3 h5 11. Kb1 Qc7 12. Nxc6 Bxc6 13. Bd3 d5 14. Bf4 Qb6 15. exd5 Nxd5 16. Be5 Nf6 17. Qg5 Rg8 18. Qf4 g5 19. Qc4 O-O-O 20. h4 Nd5 21. Bh7 Ne3 22. Rxd8+ Rxd8 23. Qe2 gxh4 24. Bf4 Nd5 25. Nxd5 Rxd5 26. Be4 Bf6 27. c3 Rd8 28. Bxc6 bxc6 29. Kc1 Qb5 30. Qe4 Kb7 31. Qh7 Rd7 32. Re1 Bg5 33. Qe4 f5 34. Qe3 Rd3 35. Bxg5 Rxe3 36. Bxe3 Qe5 37. Bf2 Qh2 38. Rxe6 h3 39. Re7+ Kc8 0-1

[Event "89th UKR-ch"]
[Site "Omelnyk UKR"]
[Date "2020.11.22"]
[Round "5.7"]
[White "Bernadskyi, Vitalii"]
[Black "Larkin, Vladislav"]
[WhiteElo "2619"]
[BlackElo "2388"]
[Result "1-0"]
[EventDate "2020.11.18"]
[PlyCount "49"]

1. e4 e5 2. Nf3 Nf6 3. Nc3 Bb4 4. Nxe5 O-O 5. Be2 Re8 6. Nd3 Bxc3 7. dxc3 Nxe4 8. Nf4 d6 9. O-O Nd7 10. c4 b6 11. f3 Nef6 12. b3 Qe7 13. Rf2 Qe5 14. Rb1 Bb7 15. Bf1 Re7 16. b4 Qe1 17. Qd3 Ne5 18. Qb3 Nc6 19. Nd5 Nxd5 20. cxd5 Nd4 21. Qd3 Re5 22. Qxd4 Rxd5 23. Qg4 g6 24. Re2 Qd1 25. Qd7 1-0

[Event "89th UKR-ch"]
[Site "Omelnyk UKR"]
[Date "2020.11.22"]
[Round "5.8"]
[White "Buksa, Nataliya"]
[Black "Ovseevich, Sergei"]
[WhiteElo "2410"]
[BlackElo "2587"]
[Result "1/2-1/2"]
[EventDate "2020.11.18"]
[PlyCount "47"]

1. e4 e5 2. Nf3 Nc6 3. Bb5 Nge7 4. O-O Ng6 5. c3 a6 6. Ba4 d6 7. d4 Bd7 8. d5 Nb8 9. Bxd7+ Nxd7 10. c4 Be7 11. Be3 O-O 12. Nfd2 Bg5 13. Nc3 Bxe3 14. fxe3 c6 15. Rf3 cxd5 16. Nxd5 Nc5 17. Rh3 h6 18. Qh5 Qg5 19. Qe2 Ne6 20. Rf1 Qd8 21. Qh5 Qg5 22. Qe2 Qd8 23. Qh5 Qg5 24. Qe2 1/2-1/2

[Event "89th UKR-ch"]
[Site "Omelnyk UKR"]
[Date "2020.11.22"]
[Round "5.9"]
[White "Neverov, Valeriy"]
[Black "Borsuk, Kostyantyn"]
[WhiteElo "2453"]
[BlackElo "2401"]
[Result "0-1"]
[EventDate "2020.11.18"]
[PlyCount "140"]

1. d4 Nf6 2. c4 e6 3. Nf3 b6 4. a3 Ba6 5. Qc2 d5 6. cxd5 exd5 7. Nc3 Be7 8. g3 O-O 9. Bg2 Bb7 10. O-O Nbd7 11. Bf4 c6 12. Rad1 Nh5 13. Bc1 f5 14. Bh3 g6 15. Bh6 Ng7 16. Qc1 Re8 17. Bg5 Ne6 18. Bxe7 Qxe7 19. Rd2 Nd8 20. Rc2 Nf7 21. Rd1 Nd6 22. Bg2 a5 23. b3 b5 24. e3 h6 25. Ne1 g5 26. Nd3 Kg7 27. Ne2 a4 28. b4 Nc4 29. Nc5 Nf6 30. Qa1 Bc8 31. Nc1 f4 32. Re1 Bf5 33. Rce2 fxe3 34. fxe3 Ne4 35. N1d3 Bg4 36. Nxe4 Bxe2 37. Rxe2 dxe4 38. Nc5 Nd6 39. Bh3 Kh7 40. Bd7 Rf8 41. Bxc6 Rac8 42. Bd5 Rf6 43. Qb1 Rcf8 44. Re1 Kh8 45. Nxe4 Nxe4 46. Qxe4 Qxe4 47. Bxe4 Rc8 48. Bd3 Rc3 49. Bxb5 Rxa3 50. e4 Rb6 51. Bd7 Rd6 52. Bb5 Rxd4 53. e5 Rxb4 54. e6 Rxb5 55. e7 Rb8 56. e8=Q+ Rxe8 57. Rxe8+ Kg7 58. Kg2 g4 59. Kf2 Rf3+ 60. Ke2 a3 61. Ra8 Rb3 62. Ra6 h5 63. Ra5 Kg6 64. Kf2 Rb2+ 65. Ke3 a2 66. Kf4 Rf2+ 67. Ke4 Rxh2 68. Ra6+ Kf7 69. Ra7+ Ke6 70. Ra6+ Kd7 0-1

[Event "89th UKR-ch"]
[Site "Omelnyk UKR"]
[Date "2020.11.23"]
[Round "6.1"]
[White "Korobov, Anton"]
[Black "Shevchenko, Kirill"]
[WhiteElo "2683"]
[BlackElo "2592"]
[Result "1-0"]
[EventDate "2020.11.18"]
[PlyCount "149"]

1. e4 c5 2. Nf3 d6 3. d4 cxd4 4. Nxd4 Nf6 5. Nc3 Nc6 6. Bg5 e6 7. Qd2 a6 8. O-O-O Bd7 9. f4 Be7 10. Nf3 b5 11. Bxf6 gxf6 12. Kb1 Qa5 13. Bd3 h5 14. Rhe1 O-O-O 15. Qf2 Kb7 16. Ne2 Qb6 17. Qf1 Kb8 18. g3 Rc8 19. f5 Ne5 20. Nf4 Ka7 21. fxe6 fxe6 22. Nxe5 fxe5 23. Ng6 Rh7 24. Nxe7 Rxe7 25. Qf6 Rh7 26. Rf1 Rg8 27. Be2 Qc6 28. Rf3 Bc8 29. Rfd3 Rc7 30. Qf2+ Kb8 31. Bxh5 Bb7 32. Rxd6 Qxe4 33. Rd8+ Rxd8 34. Rxd8+ Rc8 35. Rxc8+ Kxc8 36. b3 Bc6 37. h4 a5 38. Bf7 Bd5 39. h5 a4 40. Bg6 Qg4 41. Kb2 e4 42. Qc5+ Kd8 43. Qxb5 Qxg3 44. Qb6+ Ke7 45. Qa7+ Kd8 46. Qd4 e3 47. Bd3 axb3 48. axb3 Qh2 49. Qxe3 Qxh5 50. c4 Qh2+ 51. Kc3 Qc7 52. Kb2 Qg7+ 53. Ka2 Qg2+ 54. Ka3 Bc6 55. Qxe6 Kc7 56. Bf5 Qg7 57. Qc8+ Kb6 58. Qd8+ Ka7 59. Kb4 Qg3 60. Qe7+ Ka8 61. Qd8+ Ka7 62. Qd3 Qe5 63. Bh3 Kb7 64. Qc3 Qe2 65. Ka3 Be8 66. Bf5 Bc6 67. Bd3 Qe3 68. c5 Qf3 69. Qb4+ Kc7 70. Qb6+ Kd7 71. Qa7+ Ke6 72. Bc4+ Ke5 73. Kb4 Qf6 74. Qc7+ Ke4 75. Qd6 1-0

[Event "89th UKR-ch"]
[Site "Omelnyk UKR"]
[Date "2020.11.23"]
[Round "6.10"]
[White "Bilych, Olexiy"]
[Black "Bakhmatskyi, Vladyslav"]
[WhiteElo "2318"]
[BlackElo "2438"]
[Result "1-0"]
[EventDate "2020.11.18"]
[PlyCount "67"]

1. e4 c5 2. Nf3 d6 3. d4 cxd4 4. Nxd4 Nf6 5. Nc3 a6 6. Be3 e5 7. Nf3 Be7 8. h3 Bd7 9. g4 Bc6 10. Qd3 h6 11. O-O-O Nbd7 12. Rg1 b5 13. g5 hxg5 14. Nxg5 Nb6 15. Kb1 Nc4 16. Bc1 Qa5 17. Nd5 Bxd5 18. exd5 Rc8 19. Nxf7 Rh4 20. Rxg7 Rd4 21. Qg6 Rxd1 22. Nxd6+ Kd8 23. Rg8+ Kc7 24. Rxc8+ Kxd6 25. Rc6+ Kxd5 26. Bg2+ e4 27. Bxe4+ Nxe4 28. Qe6+ Kd4 29. c3+ Nxc3+ 30. bxc3+ Qxc3 31. Qd7+ Ke4 32. Qxd1 Bf6 33. Qg4+ Kd5 34. Qe6+ 1-0

[Event "89th UKR-ch"]
[Site "Omelnyk UKR"]
[Date "2020.11.23"]
[Round "6.2"]
[White "Zubarev, Alexander"]
[Black "Kuzubov, Yuriy"]
[WhiteElo "2422"]
[BlackElo "2641"]
[Result "1/2-1/2"]
[EventDate "2020.11.18"]
[PlyCount "81"]

1. Nf3 d5 2. d4 Nf6 3. c4 e6 4. Nc3 Nbd7 5. cxd5 exd5 6. Bg5 c6 7. Qc2 Be7 8. e3 Nh5 9. Bxe7 Qxe7 10. O-O-O Nb6 11. Bd3 Bg4 12. Kb1 g6 13. Rc1 Bxf3 14. gxf3 Qh4 15. a4 O-O 16. Rhg1 Nd7 17. f4 Kh8 18. Rg2 Ng7 19. Ne2 Qe7 20. f5 Nxf5 21. Bxf5 gxf5 22. Qxf5 Qe6 23. Qf4 Qe4+ 24. Qxe4 dxe4 25. Rg5 f6 26. Rf5 Nb6 27. Ng3 Rae8 28. Rf4 Nxa4 29. Nxe4 Re6 30. Rg1 f5 31. Ng3 Ref6 32. d5 Nb6 33. dxc6 bxc6 34. Rc1 Nd5 35. Ra4 f4 36. Ne4 Rg6 37. Rxa7 Re8 38. Nc3 fxe3 39. fxe3 Nxe3 40. Re1 Rge6 41. Rg1 1/2-1/2

[Event "89th UKR-ch"]
[Site "Omelnyk UKR"]
[Date "2020.11.23"]
[Round "6.3"]
[White "Onyshchuk, Volodymyr"]
[Black "Kovchan, Alexander"]
[WhiteElo "2633"]
[BlackElo "2568"]
[Result "1/2-1/2"]
[EventDate "2020.11.18"]
[PlyCount "45"]

1. e4 c5 2. Nf3 d6 3. d4 cxd4 4. Nxd4 Nf6 5. Nc3 a6 6. a4 g6 7. g3 Nc6 8. Nde2 Bd7 9. Bg2 Bg7 10. h3 Rb8 11. O-O O-O 12. Nd5 b5 13. axb5 axb5 14. Bg5 Nxd5 15. exd5 Ne5 16. Nd4 h6 17. Bc1 Qc8 18. Kh2 Qc5 19. Nb3 Qc7 20. Be3 Nc4 21. Ra7 Nxe3 22. Rxc7 Nxd1 23. Rxd1 1/2-1/2

[Event "89th UKR-ch"]
[Site "Omelnyk UKR"]
[Date "2020.11.23"]
[Round "6.4"]
[White "Matvyishen, Viktor"]
[Black "Zubov, Alexander"]
[WhiteElo "2506"]
[BlackElo "2589"]
[Result "1/2-1/2"]
[EventDate "2020.11.18"]
[PlyCount "89"]

1. e4 e5 2. Nf3 Nc6 3. Bb5 Nf6 4. d3 d6 5. c3 g6 6. Nbd2 Bg7 7. O-O O-O 8. Re1 Re8 9. Nf1 d5 10. Bg5 dxe4 11. dxe4 Bd7 12. Qd2 a6 13. Ba4 Qc8 14. h3 b5 15. Bc2 Be6 16. a4 Nd7 17. Bh6 f6 18. Bxg7 Kxg7 19. b4 Nd8 20. Bd3 c6 21. Ne3 Nb6 22. a5 Nd7 23. c4 Nf7 24. Rac1 Qb7 25. Rc2 Nf8 26. Rec1 Rac8 27. Bf1 Red8 28. Qe1 Nd6 29. Nd2 Bf7 30. f4 exf4 31. Ng4 Qe7 32. e5 fxe5 33. Qxe5+ Qxe5 34. Nxe5 Be6 35. Ndf3 Kf6 36. cxb5 cxb5 37. Rc6 Ke7 38. Re1 Ra8 39. Ng5 Kf6 40. Nxe6 Nxe6 41. Rb6 Nd4 42. Bd3 Kg7 43. Rf1 Kf6 44. Re1 Kg7 45. Rf1 1/2-1/2

[Event "89th UKR-ch"]
[Site "Omelnyk UKR"]
[Date "2020.11.23"]
[Round "6.5"]
[White "Sivuk, Vitaly"]
[Black "Bernadskyi, Vitalii"]
[WhiteElo "2550"]
[BlackElo "2619"]
[Result "0-1"]
[EventDate "2020.11.18"]
[PlyCount "94"]

1. d4 Nf6 2. c4 g6 3. Nc3 Bg7 4. e4 d6 5. h3 O-O 6. Be3 Nbd7 7. g4 a6 8. Bg2 e5 9. Nge2 b5 10. cxb5 axb5 11. Nxb5 Ba6 12. Nbc3 Rb8 13. b3 h5 14. d5 Nc5 15. f3 Nd3+ 16. Kf1 Nh7 17. Kg1 Qh4 18. Nc1 Nf4 19. N1e2 Nxe2+ 20. Nxe2 f5 21. Qe1 Qf6 22. Qd2 Qh4 23. Bf2 Qe7 24. Be3 fxe4 25. fxe4 hxg4 26. hxg4 Qd7 27. Rh4 g5 28. Rh3 Qxg4 29. Re1 Rf4 30. Ng3 Bc8 31. Rc1 Bd7 32. Rxc7 Rbf8 33. Kh2 Nf6 34. Qc2 Rf3 35. Rc3 Rxg3 36. Rxg3 Qh4+ 37. Bh3 g4 38. Bf2 Qh7 39. Rc7 gxh3 40. Be1 Ng4+ 41. Kh1 h2 42. Qg2 Qxe4 43. Rxg4 Qxe1+ 44. Kxh2 Bxg4 45. Rxg7+ Kxg7 46. Qxg4+ Kh6 47. Qe6+ Kh5 0-1